zpět

Detail výsledku týmu

The Pub Praha 2 ST, Praha

Datum a čas kvízu

24.5 Celkem bodů Celkový počet nahraných bodů na tomto kvízu bez doplňovacích otázek.
15. Pořadí na kvízu Konečné umístění týmu na tomto kvízu.

Zaznamenané odpovědi

# Otázka Odpověď Body Výsledky
1. Poprvé v novodobé historii Čes... Číslo 66. 1
2. Jistá evropská metropole si zř... Vídeň 1
3. Dům U kamenného zvonu v Praze... Frida Kahlo 0
4. Firma Apple opět vzbudila pozo... Čisticí hadřík. 0
5. Útočník Evander Kane ze San Jo... Zfalšoval očkovací průkaz. 0
6. Toto téma začneme manželkami k... 1B 2C 3D 4A 0
7. Přesuneme se ke Králi popu. Ja... The Jackson 5 1
8. Jak se nazývá klub, za který h... West Ham United FC 0
9. Mnoho deskových her využívá kr... Shogi 0
10. V roce 2021 streamovací platfo... Král Šamanů (Shaman King) 0